header

The fundamental role of science and technology in international development (Record no. 81097)

MARC details
000 -LEADER
fixed length control field 01851nam a2200373Ia 4500
245 04 - TITLE STATEMENT
Title The fundamental role of science and technology in international development
260 ## - PUBLICATION, DISTRIBUTION, ETC. (IMPRINT)
Place of publication Washington, DC :
Name of publisher National Academies, Press,
Year of publication c2006.
300 ## - PHYSICAL DESCRIPTION
Number of Pages xiv, 148 p. :
Other physical details ill.
650 #0 - SUBJECT ADDED ENTRY--TOPICAL TERM
Topical Term Technical assistance, American.
Topical Term Economic assistance, American.
Topical Term Science and state
Topical Term Technology and state
Topical Term Technology transfer.
856 40 - ELECTRONIC LOCATION AND ACCESS
Uniform Resource Identifier http://site.ebrary.com/lib/rucke/Doc?id=10126249

No items available.

© 2026 Rongo University
Contact us: librarian | system librarian | Rongo university